| 000 | 01046cam a2200205 4500 | ||
|---|---|---|---|
| 008 | 030205n2003 000 0 eng u | ||
| 035 | _a(Sirsi) u121252 | ||
| 245 | _aSustainable communities | ||
| 260 | _c2003 | ||
| 490 |
_aRICS Press Release _v(pr008) 5 February 2003, (2) |
||
| 520 | _aRICS reacts to John Prescott's announcement on sustainable communities. Argues there are encouraging signs that government is addressing the housing crisis but the plans need to be followed up by more leadership and action in this area. RICS recommendations include; high density mixed use on brownfield sites and a concentration on infrastructure such as airports, bridges, rail and road projects. For the press release: http://www.rics.org/ricscms/bin/show?class=PressRelease&template=/includes/showpr.html&id=861 | ||
| 590 | _aWB | ||
| 650 | _aHOUSING PROVISION | ||
| 650 | _aHOUSING CRISIS | ||
| 650 | _aSUSTAINABLE COMMUNITIES | ||
| 650 | _aHIGH DENSITY HOUSING | ||
| 650 | _aBROWNFIELD SITES | ||
| 690 | _aHOUSING-DEVELOPMENT | ||
| 942 | _n0 | ||
| 999 |
_c72063 _d72063 |
||